| 000 | 00919nam a2200229 i 4500 | ||
|---|---|---|---|
| 001 | 14514 | ||
| 003 | ES-MaACL | ||
| 005 | 20230906150829.0 | ||
| 007 | t| | ||
| 008 | 960905s1998 sp ||||0| spa | ||
| 020 | _a84-7785-277-4 | ||
| 080 | _a05(460.353 S.) | ||
| 245 | 0 | 0 |
_aGrecia : _brevista de Literatura (1918-1920) / _cedición de José María Barrera López ; índice onomástico de Mª Cristina Guijarro Hernáiz. |
| 260 |
_aMálaga : _bCentro Cultural de la Generación del 27, _c1998. |
||
| 300 |
_a2 v. ; _c24 cm. |
||
| 534 | _pReproducción facsímil de la revista editada en Sevilla (1918-20 marzo 1920) y Madrid (1 jun-1 nov. 1920) | ||
| 630 | 0 | 4 |
_aGrecia : revista de literatura- _vFacsímiles. _9121870 |
| 700 | 1 |
_aBarrera López, José María. _925930 |
|
| 700 | 1 |
_aGuijarro Hernáiz, Mª Cristina. _960679 |
|
| 710 | 2 |
_aCentro Cultural Generación del 27. _92582 |
|
| 852 | 4 |
_aES-MaACL _jL-21806-07 |
|
| 999 |
_c14514 _d14514 |
||